Towards a third cinema/ (Record no. 193845)

MARC details
000 -LEADER
fixed length control field 00634nam a22001937a 4500
005 - DATE AND TIME OF LATEST TRANSACTION
control field 20221117161954.0
010 ## - LCCN (DPL NO)
LC control number ENG-135730
020 ## - INTERNATIONAL STANDARD BOOK NUMBER
Terms of availability 200.00
035 ## - SYSTEM CONTROL NUMBER
System control number EN-119262
037 ## - SOURCE OF ACQUISITION
Source of stock number/acquisition DBAD/PUB
082 ## - DEWEY DECIMAL CLASSIFICATION NUMBER
Classification number 791.43098
100 ## - MAIN ENTRY--PERSONAL NAME
Personal name Nivedita, Charu
245 ## - TITLE STATEMENT
Title Towards a third cinema/
Statement of responsibility, etc by Charu Nivedita: translated by Subhash
260 ## - PUBLICATION, DISTRIBUTION, ETC. (IMPRINT)
Place of publication, distribution, etc Mylapore
Name of publisher, distributor, etc Zero Degree Publishing
Date of publication, distribution, etc 2018
270 ## - ADDRESS
Address G, Govardanm No. 47, Dr Ranga Road, Mylapore
City Chennai
Postal code 600004
Electronic mail address zerodegreepublishing@gmail.com
Telephone number 9840065000
300 ## - PHYSICAL DESCRIPTION
Extent 110p.
Dimensions 21cm(pbk)
700 ## - ADDED ENTRY--PERSONAL NAME
Personal name Subhash
Relator term translater
942 ## - ADDED ENTRY ELEMENTS (KOHA)
Source of classification or shelving scheme Dewey Decimal Classification
Item type English Books
Call number suffix NIV
Classification part 791.43098
Holdings
Withdrawn status Lost status Not for loan Collection code Home library Current library Date acquired Source of acquisition Cost, normal purchase price Full call number Barcode Copy number Cost, replacement price Koha item type
      Non-fiction R.K.Puram-8 R.K.Puram-8 17/11/2022 DBAD/PUB 200.00 791.43098 NIV EN-119262 1 200.00 English Books

© Delhi Public Library
Hit Counter
free hit counter